000 004810000a22001930004500
001 001393
003 MACL
005 20151202155120.0
008 151202b xxu||||| |||| 00| 0 eng d
040 _aMACL
_cMACL
041 _aEnglish
082 _a742
100 _aMukhopadhyay, Jayashree
_919102
245 _aEnvironment Quiz
_cJayashree Mukhopadhyay
260 _aIndian Publishing House,
_c1999
350 _a18
650 _aChildren's Book
_919103
942 _k742
_cBK
_2ddc
999 _c1388
_d1388